| 000 | 01301 a2200241 4500 | ||
|---|---|---|---|
| 005 | 20080902155341.0 | ||
| 008 | 080902t xxu||||| |||| 00| 0 hin d | ||
| 010 | _aHIN-82951 | ||
| 020 | _c100.00 | ||
| 035 | _aHN-55297 | ||
| 035 | _aB-326502 | ||
| 037 | _bपु.प्र.अ.प्र/प्रका | ||
| 082 | _a821 | ||
| 100 | _aशैलेंद्र | ||
| 245 |
_aअपने ही देश में/ _cशैलेंद्र |
||
| 246 |
_aApane hee Desh mein _bby Shailendra |
||
| 260 |
_aइलाहाबाद _bजानकी देवी प्रकाशन _c2007 |
||
| 270 |
_a61सी/1 ए, ओम गायत्री नगर, पो.- तेलियरगंज _bइलाहाबाद _e211004 _k0532-2541046 |
||
| 300 |
_a80पृ _c22 सेमी (सजिल्द) |
||
| 942 |
_cHN _k821 / शैलेंद्र _adpl _2ddc _h821 _mशैलेंद्र |
||
| 999 |
_c11381 _d11381 |
||